00210nam a2200073Ia 4500082001500000245004000015100004000055008004100095 aJ 534 WOOD 0aExperiments with sound and hearing  a WOODFORD, Chris New York, 2010 210816s9999 xx 000 0 und d